[Event "International chess holiday M11"]
[Site "Praha"]
[Date "2014.07.20"]
[Round "1"]
[White "Herejk, Petr"]
[Black "Knoflicek, Ctibor"]
[Result "1/2-1/2"]
[WhiteElo "2208"]
[BlackElo "2183"]

1. e4 e6 2. d4 d5 3. Nd2 Nf6 4. e5 Nfd7 5. Bd3 c5 6. c3 Nc6 7. Ne2 cxd4
8. cxd4 f6 9. exf6 Nxf6 10. Nf3 Bd6 11. O-O Qc7 12. Nc3 a6 13. Bg5 O-O 14. Bh4
Nh5 15. Qc2 Rxf3 16. Bxh7+ Kh8 17. gxf3 Bxh2+ 18. Kh1 Qf4 19. Bg3 Bxg3 20. fxg3
Nxg3+ 21. Kg2 Nxf1 22. Rxf1 Qg5+ 23. Kf2 Qh4+ 24. Kg2 Qg5+ 25. Kf2 Qh4+ 26. Kg2
1/2-1/2

[Event "International chess holiday M11"]
[Site "Praha"]
[Date "2014.07.20"]
[Round "1"]
[White "Hirn, Oscar"]
[Black "Kasparov, Sergey"]
[Result "0-1"]
[WhiteElo "2219"]
[BlackElo "2460"]

1. c4 c5 2. Nc3 b6 3. e4 Bb7 4. Nge2 e6 5. d4 cxd4 6. Nxd4 d6 7. Be2
Nf6 8. f3 a6 9. Be3 Be7 10. Qa4+ Nfd7 11. O-O O-O 12. Rac1 Nf6 13. Rfd1 Qc7 14.
Kh1 Nbd7 15. Qc2 Rac8 16. Qd2 Qb8 17. Qe1 Kh8 18. b3 Rg8 19. Bd3 g5 20. Bb1 g4
21. Nde2 gxf3 22. gxf3 Ne5 23. Qf1 b5 24. cxb5 axb5 25. Ng3 b4 26. Nce2 Rxc1
27. Bxc1 Qa7 28. Nd4 Qc5 29. Bb2 Qb6 30. Qh3 Bc8 31. Rc1 Bd7 32. Qh6 Qb7 33.
Qf4 Rg6 34. Nde2 Qb8 35. Qe3 Rg8 36. Nf4 Qd8 37. Nd3 Nxd3 38. Qxd3 e5 39. Qc4
Qb6 40. Qxf7 Qe3 41. Rf1 Rg7 42. Qc4 Bh3 43. Qc1 Qb6 44. Rg1 Qf2 0-1

[Event "International chess holiday M11"]
[Site "Praha"]
[Date "2014.07.20"]
[Round "1"]
[White "Krivanek, Vladimir"]
[Black "Heissenberger, Andreas"]
[Result "1-0"]
[WhiteElo "2183"]
[BlackElo "2029"]

1. Nf3 Nf6 2. c4 g6 3. g3 Bg7 4. Bg2 O-O 5. O-O d6 6. Nc3 e5 7. d4 Nc6
8. d5 Nb8 9. e4 Nh5 10. Ne1 f5 11. exf5 Nf6 12. fxg6 hxg6 13. Bg5 Qe8 14. Qd2
Bf5 15. Nd3 Nbd7 16. Rae1 Qf7 17. f3 Nh7 18. Be3 Ndf6 19. Nf2 b6 20. a3 Rae8
21. b4 Bc8 22. Nfe4 Ba6 23. b5 Bc8 24. a4 Bf5 25. a5 Qd7 26. Nxf6+ Nxf6 27. g4
Bxg4 28. fxg4 Qxg4 29. Qe2 Qh4 30. Bf2 Qg5 31. Ne4 Nxe4 32. Qxe4 Rf4 33. Be3
Rxe4 34. Bxg5 Rxc4 35. h4 Rc5 36. Bh3 Rxd5 37. Bd7 1-0

[Event "International chess holiday M11"]
[Site "Praha"]
[Date "2014.07.20"]
[Round "1"]
[White "Linder, Oliver"]
[Black "Hentzgen, Thomas"]
[Result "1/2-1/2"]
[WhiteElo "1994"]
[BlackElo "2050"]

1. d4 f5 2. Bg5 g6 3. Nc3 Bg7 4. e4 fxe4 5. Nxe4 d6 6. c3 Nf6 7. Nxf6+
exf6 8. Bf4 Qe7+ 9. Be2 Be6 10. Nf3 Bc4 11. b3 Bxe2 12. Qxe2 Nd7 1/2-1/2

[Event "International chess holiday M11"]
[Site "Praha"]
[Date "2014.07.20"]
[Round "1"]
[White "Malinarski, Yehuda"]
[Black "Sisak, Richard"]
[Result "1/2-1/2"]
[WhiteElo "2067"]
[BlackElo "2017"]

1. e4 d6 2. d4 Nf6 3. Nc3 e5 4. dxe5 dxe5 5. Qxd8+ Kxd8 6. Bg5 Be6 7.
O-O-O+ Nbd7 8. f4 exf4 9. Bxf4 Ng4 10. Nh3 Bc5 11. Nd5 Bxd5 12. Rxd5 Ngf6 13.
Bg5 Kc8 14. Bxf6 Be3+ 15. Kb1 Nxf6 16. Rd3 Rd8 17. Be2 Rxd3 18. cxd3 Kd8 19.
Rf1 Ke7 20. Nf4 Bxf4 21. Rxf4 c5 22. Kc2 Nd7 23. Rf5 f6 24. b4 Rc8 25. bxc5
Nxc5 1/2-1/2

[Event "International chess holiday K11"]
[Site "Praha"]
[Date "2014.07.20"]
[Round "1"]
[White "Hanl, Frantisek"]
[Black "Fiala, Jan"]
[Result "1-0"]
[WhiteElo "1958"]
[BlackElo "1952"]

1. e4 d5 2. exd5 Qxd5 3. Nf3 Nf6 4. Nc3 Qd8 5. Bc4 c6 6. d4 e6 7. O-O
Nbd7 8. Re1 Nb6 9. Bb3 Nbd5 10. Nxd5 cxd5 11. Ne5 Be7 12. Ba4+ Bd7 13. Nxd7
Nxd7 14. Qg4 Qa5 15. Bxd7+ Kxd7 16. Bg5 h5 17. Qg3 f6 18. Qh3 Qb6 19. Bd2 g5
20. c4 g4 21. Qc3 dxc4 22. Qxc4 Rac8 23. Qa4+ Qc6 24. Qb3 Qd5 25. Qa4+ Qc6 26.
Qxa7 Ra8 27. d5 exd5 28. Qe3 Bc5 29. Qd3 Rae8 30. b4 Bb6 31. b5 Qd6 32. Qf5+
Kd8 33. Bf4 Re5 34. Bxe5 fxe5 35. Rac1 Bc7 36. b6 Qxb6 37. Rxc7 Qa5 38. Qc8#
1-0

[Event "International chess holiday K11"]
[Site "Praha"]
[Date "2014.07.20"]
[Round "1"]
[White "Kasparova, Tatiana"]
[Black "Pommrich, Rainer"]
[Result "1-0"]
[WhiteElo "2132"]
[BlackElo "2003"]

1. e4 c5 2. Nf3 Nc6 3. Bb5 g6 4. Bxc6 dxc6 5. d3 Bg7 6. h3 e5 7. Be3 b6
8. Qd2 Qc7 9. Nc3 Ne7 10. Bh6 O-O 11. g4 Be6 12. O-O-O a5 13. Rdg1 b5 14. Nh4
b4 15. Na4 c4 16. Bxg7 Kxg7 17. Nf5+ Bxf5 18. gxf5 Qd6 19. dxc4 Qxd2+ 20. Kxd2
Rad8+ 21. Ke3 Rd4 22. b3 Rfd8 23. Nb2 f6 24. Nd3 Kf7 25. fxg6+ hxg6 26. Ra1 Ke6
27. a3 f5 28. f3 fxe4 29. fxe4 Rh8 30. axb4 axb4 31. h4 Nc8 32. Ra5 Rh5 33.
Rxe5+ 1-0

[Event "International chess holiday K11"]
[Site "Praha"]
[Date "2014.07.20"]
[Round "1"]
[White "Korth, Manfred"]
[Black "Novak, Jindrich"]
[Result "0-1"]
[WhiteElo "1908"]
[BlackElo "2077"]

1. Nf3 d6 2. d4 Bg4 3. Bf4 Nd7 4. Nbd2 f6 5. h3 Bh5 6. e4 e5 7. Be3 Ne7
8. g4 Bf7 9. d5 c5 10. a4 g6 11. a5 h5 12. Nc4 Qc7 13. Bg2 Rb8 14. Nfd2 b5 15.
axb6 axb6 16. Ra6 Nc8 17. Qa1 Bh6 18. Bxh6 Rxh6 19. O-O hxg4 20. hxg4 g5 21.
Ne3 Bg6 22. Qa3 b5 23. Ra1 Ke7 24. Ndf1 Rb6 25. Ng3 Kd8 26. Ngf5 Rh7 27. Bf1
Nb8 28. Rxb6 Qxb6 29. Qb3 Rb7 30. Be2 Ne7 31. Kg2 c4 32. Qa3 Bxf5 33. gxf5 necitelne 0-1

[Event "International chess holiday K11"]
[Site "Praha"]
[Date "2014.07.20"]
[Round "1"]
[White "Pokorny, Jan"]
[Black "Schaefer, Martin"]
[Result "0-1"]
[WhiteElo "1882"]
[BlackElo "1959"]

1. Nf3 f5 2. d4 g6 3. Bf4 d6 4. h3 Bg7 5. e3 c5 6. c3 Qb6 7. b3 Nd7 8. Nbd2 e5
9. Nc4 Qc7 10. dxe5 dxe5 11. Nd6+ Ke7 12. Bg5+ Ngf6 13. Nxc8+ Raxc8 14. Qd5 Qc6
15. Bc4 Qxd5 16. Bxd5 e4 17. Nd2 b5 18. Rd1 h6 19. Bxf6+ Nxf6 20. Nb1 Nxd5 21.
Rxd5 Rhd8 22. Rd2 Rc6 23. Ke2 Rxd2+ 24. Kxd2 Ra6 25. a3 b4 26. a4 c4 27. Kc2
Rb6 28. bxc4 a5 29. Rd1 bxc3 30. Nxc3 Bxc3 31. Kxc3 Rb4 32. f3 exf3 33. gxf3
Rxa4 34. Rd5 Ra3+ 35. Kd4 a4 36. Ra5 f4 37. Ra7+ Kf6 38. e4 Rxf3 39. Rxa4 Rxh3
40. c5 g5 41. c6 Ke7 42. Kd5 Rd3+ 43. Kc5 f3 44. Ra7+ Ke6 45. Ra2 g4 46. Rc2 g3
47. c7 Kd7 0-1

[Event "International chess holiday K11"]
[Site "Praha"]
[Date "2014.07.20"]
[Round "1"]
[White "Rull, Michael"]
[Black "Vystrcil, Martin"]
[Result "0-1"]
[WhiteElo "1812"]
[BlackElo "1788"]

1. e4 Nf6 2. e5 Nd5 3. c4 Nb6 4. d4 d6 5. Nf3 g6 6. Be3 Bg7 7. Nc3 O-O
8. c5 dxc5 9. dxc5 Qxd1+ 10. Rxd1 N6d7 11. Nd5 Nc6 12. Nxc7 Rb8 13. e6 Nde5 14.
exf7+ Nxf7 15. Bc4 Bg4 16. Ne6 Nce5 17. Nxe5 Nxe5 18. Rd4 Nxc4 19. Rxg4 Nxe3
20. fxe3 Rf5 21. Nxg7 Rxc5 22. O-O Kxg7 23. Rgf4 Re5 24. Re1 Rd8 25. Kf2 Rd2+
26. Re2 Red5 27. Rd4 R2xd4 28. exd4 Kf6 29. Ke3 e5 30. Rd2 Kf5 31. Rf2+ Ke6 32.
Rd2 Kf5 33. b4 g5 34. h3 exd4+ 35. Rxd4 Rxd4 36. Kxd4 Kf4 37. Kd5 Kg3 38. Ke5
Kxg2 39. Kf5 Kxh3 40. Kxg5 Kg3 41. Kh6 Kf4 42. Kxh7 Ke4 43. Kg6 Kd4 44. b5 Kc5
45. b6 Kxb6 46. Kf5 Kb5 47. Ke4 Kc4 0-1

[Event "International chess holiday K12"]
[Site "Praha"]
[Date "2014.07.20"]
[Round "1"]
[White "Cisarik, Pavol"]
[Black "Trebbin Dr., Wolfhard"]
[Result "1/2-1/2"]
[WhiteElo "1792"]
[BlackElo "1961"]

1. e4 c5 2. c3 e6 3. d4 Nf6 4. Bg5 cxd4 5. Nf3 Be7 6. e5 Nd5 7. Bxe7
Qxe7 8. cxd4 Nc6 9. Nc3 Nxc3 10. bxc3 d6 11. exd6 Qxd6 12. Bc4 O-O 13. O-O b6
14. Re1 Bb7 15. Ng5 Qf4 16. Qc1 Qxc1 1/2-1/2

[Event "International chess holiday K12"]
[Site "Praha"]
[Date "2014.07.20"]
[Round "1"]
[White "Franek, Jan"]
[Black "Taylor, Robert Graham"]
[Result "0-1"]
[WhiteElo "1999"]
[BlackElo "1914"]

1. e4 c5 2. Nf3 e6 3. b4 d5 4. e5 cxb4 5. d4 Nc6 6.
Bd3 f5 7. g4 fxg4 8. Ng5 Nh6 9. Nxh7 Qh4 10. Bg6+ Kd7 11. Nxf8+ Rxf8 12. Be3
Nf5 13. Bxf5 Rxf5 14. Nd2 b6 15. Rg1 Ba6 16. Qxg4 Qxg4 17. Rxg4 Rf7 18. f4 Bb5
19. Nf3 Ba4 20. Kd2 Na5 21. Rag1 Nc4+ 22. Ke2 Bxc2 23. Rxg7 Raf8 24. h4 a5 25.
Ne1 Bf5 26. Nd3 Ke7 27. R7g5 Nxe3 28. Kxe3 Bxd3 29. Kxd3 Rxf4 0-1

[Event "International chess holiday K12"]
[Site "Praha"]
[Date "2014.07.20"]
[Round "1"]
[White "Hadzala, Daniel"]
[Black "Spindler, Markus"]
[Result "1-0"]
[WhiteElo "2070"]
[BlackElo "2049"]

1. g3 e6 2. Bg2 d5 3. d3 Bd6 4. Nd2 Nf6 5. Ngf3 O-O 6. e4 dxe4 7. dxe4
Nc6 8. O-O e5 9. c3 h6 10. Qc2 Be6 11. b4 a6 12. Bb2 b5 13. a3 Re8 14. c4 bxc4
15. Nxc4 Bxc4 16. Qxc4 Nb8 17. Rfd1 Nbd7 18. Nd2 Qb8 19. Nb3 Qb6 20. Rd2 Rab8
21. Rad1 Qb5 22. Na5 Nb6 23. Qc2 Qa4 24. Bf1 Qxc2 25. Rxc2 Na4 26. Ba1 Nxe4 27.
Bxa6 Ng5 28. Bb7 Nb6 29. Bc6 Rf8 30. Nb7 Nc8 31. Nxd6 cxd6 32. b5 Na7 33. a4
Nxc6 34. Rxc6 Ra8 35. Rc4 Rfc8 36. Rxc8+ Rxc8 37. a5 Ne4 38. f3 Nc5 39. a6 Nxa6
40. bxa6 Rc6 41. a7 Ra6 42. Bxe5 Rxa7 43. Rxd6 f6 44. Bd4 Ra3 45. Kg2 Kf7 46.
g4 Kg6 47. Bf2 h5 48. Rd5 hxg4 49. fxg4 Kf7 50. h4 Ke6 51. Rb5 Kf7 52. h5 Rd3
53. Rb7+ Kg8 54. Re7 Kh7 55. Be3 Kg8 56. Kf3 Kf8 57. Rb7 Rd5 58. Bf4 Kg8 59.
Ke4 Ra5 60. Rd7 Rb5 61. Rd5 Rb1 62. Kf5 Kh7 63. h6 gxh6 64. Rd7+ Kg8 65. Kg6
1-0

[Event "International chess holiday K12"]
[Site "Praha"]
[Date "2014.07.20"]
[Round "1"]
[White "Muller, Jorg"]
[Black "Vavrinec, Tomas"]
[Result "0-1"]
[WhiteElo "1900"]
[BlackElo "2011"]

1. d4 Nf6 2. c4 c5 3. d5 e6 4. Nc3 exd5 5. cxd5 d6 6.
Nf3 g6 7. e3 Bg7 8. Be2 O-O 9. O-O Na6 10. a3 Nc7 11. Bc4 a6 12. Bb3 b5 13. Re1
Re8 14. h3 Bb7 15. e4 b4 16. axb4 cxb4 17. Na2 a5 18. Qd3 Nd7 19. Qd1 Nc5 20.
Nd2 a4 21. Bc4 a3 22. Rb1 b3 23. Bxb3 Nxb3 24. Qxb3 Bxd5 25. Nc4 Rxe4 26. Rxe4
Bxe4 27. Ra1 Bd5 28. Qc2 Bxc4 29. Qxc4 axb2 30. Rb1 d5 31. Qb3 Rb8 32. Qc2
bxc1=Q+ 33. Rxc1 Rb2 34. Qa4 Qf6 35. f3 Qd4+ 36. Qxd4 Bxd4+ 37. Kh1 Rxa2 38.
Rd1 Ra1 0-1

[Event "International chess holiday K12"]
[Site "Praha"]
[Date "2014.07.20"]
[Round "1"]
[White "Plesnik, Miroslav"]
[Black "Plesnivy, Martin"]
[Result "1-0"]
[WhiteElo "1863"]
[BlackElo "1799"]

1. d4 d5 2. c4 e5 3. cxd5 Qxd5 4. Nc3 Qxd4 5. Qxd4 exd4 6. Nb5 Bb4+ 7.
Bd2 Bxd2+ 8. Kxd2 Na6 9. Nxd4 Nf6 10. e3 O-O 11. Bxa6 bxa6 12. Rc1 Bb7 13. Ngf3
Rac8 14. Rhd1 Rfd8 15. Ke2 c5 16. Nf5 Rxd1 17. Rxd1 Kf8 18. Nd6 Bxf3+ 19. Kxf3
Rd8 20. Rd2 Ne8 21. Nc4 Rxd2 22. Nxd2 Ke7 23. Ke4 Ke6 24. Nb3 Nd6+ 25. Kf3 Kd5
26. Nd2 c4 27. Ke2 a5 28. Nb1 Kc5 29. f3 f5 30. Nc3 Kb4 31. e4 a4 32. e5 Ne8
33. Kd2 g5 34. Nd5+ Kc5 35. Nf6 Nc7 36. Nxh7 Ne6 37. Kc3 a5 38. Nf6 Nf4 39. g3
Ne2+ 40. Kd2 Nd4 41. f4 g4 42. Ne8 Ne6 43. Kc3 Kd5 44. Nd6 Nd4 45. Nxc4 Ne2+
46. Kd2 Nd4 47. Nxa5 Nf3+ 48. Ke3 Nxh2 49. b3 axb3 50. Nxb3 Nf3 51. a4 Ne1 52.
Ke2 Nc2 53. a5 Nb4 54. Kd2 Nc6 55. a6 Ke6 56. Nd4+ Kd5 57. e6 Kd6 necitelne 1-0

[Event "International chess holiday M11"]
[Site "Praha"]
[Date "2014.07.20"]
[Round "2"]
[White "Kasparov, Sergey"]
[Black "Herejk, Petr"]
[Result "1-0"]
[WhiteElo "2460"]
[BlackElo "2208"]

1. e4 c5 2. Nf3 d6 3. d4 cxd4 4. Nxd4 Nf6 5. f3 e5 6. Nb3 d5 7. Bg5 d4
8. c3 Nc6 9. Bb5 Bd7 10. Bxc6 bxc6 11. cxd4 exd4 12. Qxd4 Be7 13. Nc3 O-O 14.
O-O-O Be6 15. Qxd8 Raxd8 16. Rxd8 Rxd8 17. Rd1 Rxd1+ 18. Kxd1 Bd6 19. h3 Nh5
20. Nd4 Bd7 21. Nde2 a6 22. Be3 g6 23. g4 Ng7 24. Bf4 Be7 25. Nd4 Ne6 26. Nxe6
Bxe6 27. b3 h5 28. Ke2 hxg4 29. hxg4 Kf8 30. Kd3 Ke8 31. Na4 Kd7 32. Be3 Kc7
33. Bb6+ Kb7 34. Bc5 Bh4 35. Bd6 Bf2 36. Bf4 Bc8 37. Be5 c5 38. Bf4 Kc6 39. Nb2
Be6 40. Nc4 Kb5 41. Be3 Bg3 42. Bd2 Bc7 43. Bc3 Kc6 44. Bf6 Kb5 45. Be5 Bd8 46.
Ne3 Kb6 47. Kc2 Kb5 48. Kc3 Ba5+ 49. Kd3 Bd8 50. f4 Kc6 51. f5 gxf5 52. gxf5
Bc8 53. Nc4 Be7 54. Bf4 f6 55. Bd2 Bd8 56. Ba5 Be7 57. Ne3 Bf8 58. Bc3 Bg7 59.
Nd5 Bxf5 60. Ne7+ 1-0

[Event "International chess holiday M11"]
[Site "Praha"]
[Date "2014.07.20"]
[Round "2"]
[White "Heissenberger, Andreas"]
[Black "Hirn, Oskar"]
[Result "0-1"]
[WhiteElo "2029"]
[BlackElo "2219"]

1. e4 d6 2. d4 Nf6 3. Nc3 g6 4. Bg5 Bg7 5. e5 Nfd7 6. f4 h6 7. Bh4 g5
8. e6 gxh4 9. exd7+ Nxd7 10. Nf3 c5 11. Qd2 Qa5 12. O-O-O cxd4 13. Nxd4 Nc5 14.
Bb5+ Kf8 15. Kb1 Ne6 16. Nde2 a6 17. Bc4 Bd7 18. Rhf1 Rc8 19. Bd5 Nc7 20. Bb3
Nb5 21. Nd5 Qxd2 22. Rxd2 Rc5 23. f5 Be5 24. f6 e6 25. Nb6 Bc6 26. Na4 Bxg2 27.
Rf2 Rd5 28. Bxd5 Bxd5 29. Nb6 Bc6 30. a4 Nc7 31. Nc4 Rg8 32. Nxe5 dxe5 33. Rd8+
Ne8 34. b3 Rg6 35. Nc1 e4 36. Ne2 e5 37. Rf5 Rg5 38. Rxg5 hxg5 39. Kc1 Kg8 40.
Nc3 Kh7 41. b4 Nxf6 42. b5 axb5 43. axb5 Be8 44. b6 g4 45. Nxe4 Nxe4 46. Rxe8
g3 47. hxg3 hxg3 48. Rd8 Nf2 0-1

[Event "International chess holiday M11"]
[Site "Praha"]
[Date "2014.07.20"]
[Round "2"]
[White "Malinarski, Yehuda"]
[Black "Linder, Oliver"]
[Result "1/2-1/2"]
[WhiteElo "2067"]
[BlackElo "1994"]

1. e4 e6 2. d4 d5 3. Nd2 Nc6 4. Ngf3 Nf6 5. e5 Nd7 6.
Be2 f6 7. exf6 Qxf6 8. Nf1 Bd6 9. Bg5 Qf7 10. Ne3 O-O 11. O-O Ne7 12. c4 c6 13.
c5 Bc7 14. Ng4 Ng6 15. Bd3 e5 16. Ngxe5 Ndxe5 17. Nxe5 Nxe5 18. dxe5 Bxe5 19.
Be3 Bf5 20. Bxf5 Qxf5 21. Bd4 1/2-1/2

[Event "International chess holiday M11"]
[Site "Praha"]
[Date "2014.07.20"]
[Round "2"]
[White "Sisak, Richard"]
[Black "Knoflicek, Ctibor"]
[Result "0-1"]
[WhiteElo "2017"]
[BlackElo "2183"]

1. d4 Nf6 2. Bf4 e6 3. e3 c5 4. Nf3 d5 5. c3 Nc6 6. Nbd2 Bd6 7. Bg3 O-O
8. Bd3 b6 9. Qe2 Bb7 10. Ne5 Ne7 11. f4 Nf5 12. Bf2 Be7 13. Ba6 Qc7 14. Bxb7
Qxb7 15. O-O Rfc8 16. g4 Nd6 17. Bh4 Nfe4 18. Bxe7 Qxe7 19. Ndf3 f6 20. Nd3 c4
21. Nf2 b5 22. Nxe4 Nxe4 23. Nd2 Nxd2 24. Qxd2 a5 25. a3 Rab8 26. Qe2 f5 27.
Qg2 Rd8 28. Rfc1 Kh8 29. Kh1 g6 30. g5 b4 31. axb4 axb4 32. h4 Rb7 33. Kh2 Rdb8
34. Rc2 h5 35. gxh6 Qxh4+ 36. Qh3 Qxh3+ 37. Kxh3 Kh7 38. Kg3 Kxh6 39. Ra6 Rb6
40. Ra7 R8b7 41. Ra8 bxc3 42. bxc3 Kg7 43. Raa2 Kf6 44. Rh2 Rb3 45. Rhc2 Rh7
46. Rab2 Rxb2 47. Rxb2 Rh1 48. Rc2 g5 49. fxg5+ Kxg5 50. Kg2 Rd1 51. Kf3 Rd3
52. Rg2+ Kf6 53. Rc2 Ke7 54. Kf4 Kd6 55. Ra2 Rxc3 56. Ra6+ Ke7 0-1

[Event "International chess holiday M11"]
[Site "Praha"]
[Date "2014.07.20"]
[Round "2"]
[White "Hentzgen, Thomas"]
[Black "Krivanek, Vladimir"]
[Result "0-1"]
[WhiteElo "2050"]
[BlackElo "2183"]
1. f4 e5 2. fxe5 Nc6 3. Nc3 Nxe5 4. d4 Ng6 5. e4 Bb4 6. Nf3 d5 7. exd5
Bxc3+ 8. bxc3 Qxd5 9. Bd3 Nf6 10. O-O O-O 11. c4 Qd6 12. a4 Re8 13. c3 b6 14.
Ra2 Bb7 15. Ng5 Rad8 16. Raf2 h6 17. Nh3 Be4 18. Nf4 Re7 19. Nxg6 fxg6 20. Bxh6
Bxd3 21. Qxd3 Ne4 22. Bf4 Qd7 23. Re2 Rde8 24. Be5 Rxe5 25. Qc2 Rf5 26. Rfe1
Nf6 27. Rxe8+ Nxe8 28. Qe4 Nd6 29. Qa8+ Rf8 0-1

[Event "International chess holiday K11"]
[Site "Praha"]
[Date "2014.07.20"]
[Round "2"]
[White "Kasparova, Tatiana"]
[Black "Hanl, Frantisek"]
[Result "1-0"]
[WhiteElo "2132"]
[BlackElo "1958"]

1. e4 c6 2. d4 d5 3. Nd2 dxe4 4. Nxe4 Bf5 5. Ng3 Bg6 6. Nh3 h6 7. Nf4
Bh7 8. Bc4 e6 9. O-O Nf6 10. Re1 Nd5 11. Bxd5 cxd5 12. Qh5 g6 13. Qe5 Rg8 14.
Qxd5 g5 15. Qb5+ Qd7 16. Qxd7+ Kxd7 17. Nfh5 Be7 18. Ne4 Rg6 19. b3 f5 20. Nc5+
Bxc5 21. dxc5 Na6 22. Bb2 Bg8 23. Rad1+ Kc6 24. Rd6+ Kc7 25. Be5 Kc8 26. Red1
1-0

[Event "International chess holiday K11"]
[Site "Praha"]
[Date "2014.07.20"]
[Round "2"]
[White "Fiala, Jan"]
[Black "Pokorny, Jan"]
[Result "1/2-1/2"]
[WhiteElo "1962"]
[BlackElo "1882"]

1. Nf3 Nf6 2. c4 g6 3. Nc3 c5 4. e4 d6 5. d4 cxd4 6. Nxd4 Nc6 7. Be2
Bg7 8. Be3 a6 9. O-O O-O 10. Kh1 Bd7 11. f4 Rb8 12. f5 Nxd4 13. Bxd4 b5 14.
fxg6 hxg6 15. cxb5 axb5 16. Nd5 e5 17. Nxf6+ Bxf6 18. Ba7 Rb7 19. Be3 Be6 20.
Bg4 Bxg4 21. Qxg4 Bg7 22. Rad1 Qd7 23. Qxd7 Rxd7 24. Rd5 Rb8 25. Rfd1 Bf8 26.
Bc5 Rc8 27. h3 Ra8 28. a3 Rc7 29. Bxd6 Bxd6 30. Rxd6 Rc4 31. R6d5 b4 32. Rd8+
Rxd8 33. Rxd8+ Kg7 34. a4 Rc1+ 35. Kh2 Rc2 36. Rd5 Kf6 37. Rb5 Rxb2 38. a5 Ra2
39. Rb6+ Kg5 40. a6 b3 41. Rxb3 1/2-1/2

[Event "International chess holiday K11"]
[Site "Praha"]
[Date "2014.07.20"]
[Round "2"]
[White "Novak, Jindrich"]
[Black "Rull, Michael"]
[Result "1-0"]
[WhiteElo "2077"]
[BlackElo "1812"]

1. e4 c5 2. g3 Nc6 3. Bg2 d6 4. b3 Nf6 5. Bb2 g6 6.
Ne2 Bg7 7. O-O O-O 8. f4 Bd7 9. Nbc3 Qc8 10. Nd5 Bh3 11. Nxf6+ Bxf6 12. Bxf6
exf6 13. Bxh3 Qxh3 14. f5 Ne5 15. Nf4 Qg4 16. Qxg4 Nxg4 17. Nd5 Kg7 18. d3 g5
19. Rae1 Ne5 20. Ne3 Rad8 21. Kg2 Rd7 22. h3 b5 23. Rd1 Rfd8 24. Rfe1 Nc6 25.
g4 a5 26. Nf1 b4 27. Ng3 Kf8 28. Rd2 Nd4 29. Ne2 Nxe2 30. Rexe2 Rc7 31. c3 Rdc8
32. c4 a4 33. d4 axb3 34. axb3 Ra8 35. dxc5 dxc5 36. e5 fxe5 37. Rxe5 Re8 38.
Rxe8+ Kxe8 39. Re2+ Re7 40. Ra2 Re3 41. f6 Rxb3 42. Re2+ Kd8 43. Re7 Rc3 44.
Rxf7 Rxc4 45. Rg7 h6 46. Rg8+ Kc7 47. f7 Rf4 48. f8=Q Rxf8 49. Rxf8 b3 50. Rf3
c4 51. Rc3 Kb6 52. Rxc4 Kb5 1-0

[Event "International chess holiday K11"]
[Site "Praha"]
[Date "2014.07.20"]
[Round "2"]
[White "Schaefer, Martin"]
[Black "Korth, Manfred"]
[Result "1/2-1/2"]
[WhiteElo "1959"]
[BlackElo "1908"]

1. d4 d6 2. e4 Nf6 3. Nc3 c6 4. a4 Qa5 5. Bd3 e5 6. Nge2 Be7 7. O-O O-O
8. Bd2 Qc7 9. a5 Re8 10. f3 Nbd7 11. Na4 Nf8 12. c4 h6 13. b4 Bd7 14. Qb3 Ng6
15. b5 exd4 16. Nxd4 c5 17. Nc2 Ne5 18. Be2 Nh7 19. Ne3 Nf6 20. Nc3 Bf8 21.
Ned5 Nxd5 22. Nxd5 Qd8 23. b6 axb6 24. Qxb6 Qxb6 25. axb6 Bc6 26. Nc7 Rxa1 27.
Rxa1 Rb8 28. Ba5 Be7 29. Kf2 Kf8 30. Ke3 Bd8 31. f4 Nd7 32. Bg4 Nf6 33. Bf3 Ne8
34. Rd1 Be7 necitelne 1/2-1/2

[Event "International chess holiday K11"]
[Site "Praha"]
[Date "2014.07.20"]
[Round "2"]
[White "Pommrich, Rainer"]
[Black "Vystrcil, Martin"]
[Result "1-0"]
[WhiteElo "2003"]
[BlackElo "1788"]

1. e4 Nf6 2. e5 Nd5 3. d4 d6 4. Nf3 g6 5. Be2 Bg7 6. O-O O-O 7. h3 Nc6
8. exd6 cxd6 9. c4 Nb6 10. Nc3 Bf5 11. b3 e5 12. dxe5 dxe5 13. Ba3 Re8 14. Qxd8
Raxd8 15. Rac1 e4 16. Nh4 Bxc3 17. Rxc3 Rd2 18. Nxf5 gxf5 19. Rg3+ Kh8 20. Bh5
Rg8 21. Bxf7 Rxg3 22. fxg3 e3 23. Bc1 Rxa2 24. Bxe3 Kg7 25. Be8 Re2 26. Bxc6
bxc6 27. Bxb6 axb6 28. Rxf5 Rb2 29. Rf3 Rb1+ 30. Kh2 Rb2 31. g4 c5 32. g5 Kg6
33. h4 Rb1 34. Rf6+ Kh5 35. Rh6+ Kg4 36. Rxh7 Rxb3 37. g6 1-0

[Event "International chess holiday K12"]
[Site "Praha"]
[Date "2014.07.20"]
[Round "2"]
[White "Hadzala, Daniel"]
[Black "Franek, Jan"]
[Result "1-0"]
[WhiteElo "2070"]
[BlackElo "1999"]

1. c4 e6 2. Nc3 d5 3. cxd5 exd5 4. d4 c6 5. Nf3 Bd6 6. Qc2 f5 7. Bg5
Nf6 8. Bxf6 Qxf6 9. Nxd5 Qf7 10. Nc3 O-O 11. e3 h6 12. Bd3 Be6 13. Nd2 Nd7 14.
O-O Nf6 15. Bxf5 Ng4 16. Bxg4 Bxg4 17. f4 Qe7 18. Rae1 Rae8 19. Nc4 Bc7 20. Ne5
1-0

[Event "International chess holiday K12"]
[Site "Praha"]
[Date "2014.07.20"]
[Round "2"]
[White "Plesnivy, Martin"]
[Black "Mueller, Jorg"]
[Result "1-0"]
[WhiteElo "1799"]
[BlackElo "1900"]

1. d4 d5 2. c4 Nf6 3. cxd5 Nxd5 4. e4 Nb6 5. a4 a5 6. Nf3 N8d7 7. Nc3
e6 8. Be2 Be7 9. Bf4 c6 10. O-O O-O 11. Rc1 Bb4 12. Qc2 Re8 13. e5 Bxc3 14.
bxc3 Nd5 15. Bg3 Nf8 16. h4 Ne7 17. Bd3 Nf5 18. h5 b6 19. Bf4 Qc7 20. Bh2 h6
21. g4 Ne7 22. g5 Nf5 23. Qd2 Kh8 24. Bxf5 exf5 25. gxh6 g6 26. e6 Qe7 27. exf7
Qxf7 28. Ne5 Rxe5 29. Bxe5+ Kh7 30. Rb1 Nd7 31. Qg5 Ba6 32. Rfe1 Bc4 33. Bd6
Be6 34. hxg6+ Qxg6 35. Qxg6+ Kxg6 36. Rxe6+ Kg5 37. f4+ Kg4 38. Kf2 b5 39. axb5
cxb5 40. Rxb5 a4 41. Ba3 Kxf4 42. h7 Kg5 43. Bc1+ Kg4 44. Rg6+ Kh4 45. Rh6+ Kg4
46. h8=Q 1-0

[Event "International chess holiday K12"]
[Site "Praha"]
[Date "2014.07.20"]
[Round "2"]
[White "Taylor, Robert Graham"]
[Black "Plesnik, Miroslav"]
[Result "1/2-1/2"]
[WhiteElo "1914"]
[BlackElo "1863"]

1. e4 e6 2. d3 d5 3. Nd2 Nf6 4. g3 b6 5. Bg2 Bb7 6.
Ne2 Be7 7. O-O O-O 8. c3 c5 9. Qc2 Nc6 10. Re1 Qd7 11. Nf4 dxe4 12. dxe4 Rfd8
13. Nc4 b5 14. Ne3 Ne5 15. f3 g5 16. Rd1 Qc7 17. Nh3 h6 18. f4 gxf4 19. gxf4
Rxd1+ 20. Qxd1 Rd8 21. Qe2 Nd3 22. e5 Nh7 23. Ng4 Bf8 24. Be3 Kh8 25. a4 Bxg2
1/2-1/2

[Event "International chess holiday K12"]
[Site "Praha"]
[Date "2014.07.20"]
[Round "2"]
[White "Vavrinec, Tomas"]
[Black "Cisarik, Pavol"]
[Result "1-0"]
[WhiteElo "2011"]
[BlackElo "1792"]

1. c4 Nf6 2. Nc3 e5 3. Nf3 Nc6 4. g3
d5 5. cxd5 Nxd5 6. Bg2 Nb6 7. O-O Be7 8. Rb1 O-O 9. b4 f6 10. b5 Nd4 11. d3 Be6
12. a4 Bb3 13. Rxb3 Nxb3 14. Qxb3+ Kh8 15. Be3 c6 16. d4 Qc7 17. Rc1 Rab8 18.
dxe5 fxe5 19. a5 Nd7 20. Bxa7 Rbe8 21. bxc6 bxc6 22. Bb6 Qb7 23. Ne4 c5 24.
Neg5 h6 25. Nxe5 Qc8 26. Ng6# 1-0

[Event "International chess holiday K12"]
[Site "Praha"]
[Date "2014.07.20"]
[Round "2"]
[White "Spindler, Markus"]
[Black "Trebbin Dr., Wolfhard"]
[Result "1/2-1/2"]
[WhiteElo "2049"]
[BlackElo "1961"]

1. e4 c5 2. c3 e6 3. d4 cxd4 4. cxd4 d6 5. Nf3 Nf6 6. Nc3 Be7 7. Bd3 a6
8. O-O Nc6 9. Be3 O-O 10. a3 b5 11. b4 Bb7 12. Rc1 Rc8 13. Qb3 d5 14. e5 Nd7
15. Qc2 g6 16. Bh6 Re8 17. Qd2 Qb6 18. Qf4 Bf8 19. Ng5 Re7 20. Bxf8 Nxf8 21.
Ne2 Qd8 22. h4 h6 23. Nf3 Kg7 24. g4 Rec7 25. g5 h5 26. Ng3 Nd7 27. Nd2 Ncb8
28. Nb1 Rxc1 29. Rxc1 Rxc1+ 30. Qxc1 Nb6 31. Nd2 Qc8 32. Qxc8 Bxc8 33. Kf1 Nc4
34. Nxc4 bxc4 35. Bc2 Bd7 36. Ne2 Kf8 37. Nc3 Ke7 38. Ke2 Nc6 39. Ke3 Na7 40.
f4 Nb5 41. Nxb5 axb5 42. Kd2 Bc6 1/2-1/2

[Event "International chess holiday M11"]
[Site "Praha"]
[Date "2014.07.21"]
[Round "3"]
[White "Herejk, Petr"]
[Black "Heissenberger, Andreas"]
[Result "1-0"]
[WhiteElo "2208"]
[BlackElo "2029"]
[Annotator "Koller,Martin"]
[PlyCount "74"]
[TimeControl "240+2"]

1. e4 c5 2. Nf3 d6 3. d4 cxd4 4. Nxd4 Nf6 5. Nc3 a6 6. Bg5 e6 7. f4 Be7
8. Qf3 h6 9. Bxf6 Bxf6 10. O-O-O Qc7 11. f5 Nc6 12. Nxc6 bxc6 13. Bc4 O-O 14.
fxe6 fxe6 15. Qd3 Be5 16. Rhf1 Rxf1 17. Rxf1 Rb8 18. Bb3 a5 19. a4 Qe7 20. Rf2
Qg5+ 21. Kb1 Qe7 22. Ne2 c5 23. Nf4 Kh7 24. Ka2 Qa7 25. c4 Bd4 26. e5+ Kg8 27.
Rf1 d5 28. Qg6 Rxb3 29. Qe8+ Kh7 30. Qg6+ Kg8 31. Qe8+ Kh7 32. Kxb3 Ba6 33.
Qg6+ Kg8 34. Qxe6+ Kh7 35. Qg6+ Kg8 36. Nxd5 Qb7+ 37. Qb6 Qxb6+ 1-0